000 00526nam a2200205Ia 4500
003 OSt
005 20221007112431.0
006 a|||||r|||| 00| 0
007 ta
008 221006b |||||||| |||| 00| 0 eng d
024 _a27,545
037 _cBound Volume
040 _aLCO
_cLCO
_beng
041 _2eng
_aeng
245 0 _aALL INDIA REPORTER GUJRAT
260 _aNagpur
_bAll India reporter ltd. India
_c1962
490 _vUNACC 52 -1965
942 _cCR
999 _c1197108
_d1197108